|
|
|
|
| LEADER |
01190nam a2200325 a 4500 |
| 001 |
8149 |
| 003 |
BD-DhAAL |
| 005 |
20151117114719.0 |
| 008 |
151117r20071973nyu 000 1 eng |
| 010 |
|
|
|a 2007299598
|
| 020 |
|
|
|a 9780061441776
|
| 020 |
|
|
|a 0061441775
|
| 040 |
|
|
|a DLC
|c DLC
|d DLC
|d BD-DhAAL
|
| 050 |
0 |
0 |
|a PS3569.H3927
|b A6 2007
|
| 082 |
0 |
0 |
|a 813/.54
|2 22
|
| 100 |
1 |
|
|a Sheldon, Sidney.
|9 15621
|
| 240 |
1 |
0 |
|a Novels.
|k Selections
|
| 245 |
1 |
4 |
|a The dark side of midnight /
|c Sidney Sheldon.
|
| 260 |
|
|
|a New York :
|b William Morrow,
|b Warner Books,
|c 2001.
|
| 300 |
|
|
|a 462 p. ;
|c 18 cm.
|
| 505 |
0 |
|
|a The other side of midnight -- Rage of angels -- Bloodline.
|
| 541 |
|
|
|e 8149
|
| 650 |
|
0 |
|a Women
|x Violence against
|v Fiction.
|9 16284
|
| 655 |
|
7 |
|a Romantic suspense fiction.
|2 gsafd
|9 16285
|
| 700 |
1 |
2 |
|a Sheldon, Sidney.
|t Other side of midnight.
|9 16286
|
| 700 |
1 |
2 |
|a Sheldon, Sidney.
|t Rage of angels.
|9 16287
|
| 700 |
1 |
2 |
|a Sheldon, Sidney.
|t Bloodline.
|9 16288
|
| 942 |
|
|
|2 ddc
|c BK
|
| 999 |
|
|
|c 36190
|d 36190
|
| 952 |
|
|
|0 0
|1 0
|2 ddc
|4 0
|6 813_000000000000000__54_SHE
|7 0
|9 56904
|a SCL
|b SCL
|c GEN
|d 2015-11-17
|g 200.00
|l 12
|m 43
|o 813.54 SHE
|p 3020008149
|r 2026-02-05
|s 2026-02-01
|t 1
|w 2015-11-17
|y BK
|